| 000 | 00492nam a2200181Ia 4500 | ||
|---|---|---|---|
| 999 |
_c28714 _d28714 |
||
| 003 | OSt | ||
| 005 | 20210108154202.0 | ||
| 008 | 190216s9999||||xx |||||||||||||| ||und|| | ||
| 020 | _a9788171809325 | ||
| 040 | _coclc | ||
| 082 |
_a894.812301 _bURO/A |
||
| 100 |
_aUroob _96421 |
||
| 245 | 0 |
_aAnkaveeran / _cUroob |
|
| 260 |
_bPoorna Publications, _aKozhikode: _c2006. |
||
| 300 | _a44p | ||
| 650 | _aKathakal | ||
| 942 |
_cBK _2ddc _h894.812301 _iURO/A _k894.812301 _mURO/A |
||